Arqueología de la India prehistórica: hasta el año 1.000 a.C

Saved in:
Bibliografiske detaljer
Hovedforfatter: Piggott, Stuart (Author)
Format: Bog
Sprog:spansk
Udgivet: Ciudad de México Fondo de Cultura Económica 1966
Serier:Sección de Obras de Antropología
Fag:
Tags: Tilføj Tag
Ingen Tags, Vær først til at tagge denne postø!

MARC

LEADER 00000nam a2200000 a 4500
001 UCO2299
003 CL-VaPUC
008 000602e19660000MX |||||||||||||||||spa|d
082 0 4 |a 934.01  |b PIG  |2 21 
100 0 |a Piggott, Stuart  |e author  |9 445339 
245 1 0 |a Arqueología de la India prehistórica: hasta el año 1.000 a.C 
300 |a 250 p 
942 |c BK 
945 |d 20000602 00:00:00  |a rherrera 
260 |a Ciudad de México  |b Fondo de Cultura Económica  |c 1966 
650 0 |a Arqueología prehistórica  |9 437528 
650 7 |a HISTORIA DE LA INDIA  |2 CL-VaPUC  |9 438922 
651 0 |a India  |9 267804 
583 |a last modification  |c 20000602 00:00:00  |k Rodrigo Vera 
490 0 |a Sección de Obras de Antropología 
999 |c 288835  |d 288833 
952 |0 0  |1 0  |4 0  |6 934_010000000000000_PIG_1966  |7 0  |8 A  |9 336777  |a BIBHIS  |b BIBHIS  |d 2019-11-20  |i 1284789  |o 934.01 PIG 1966  |p 1284789  |r 2025-01-20  |w 2019-11-20  |y BK  |k HIS 
952 |0 0  |1 0  |4 0  |6 934_010000000000000_PIG_1966  |7 0  |8 A  |9 336778  |a BIBHIS  |b BIBHIS  |d 2019-11-20  |i 1284797  |o 934.01 PIG 1966  |p 1284797  |r 2025-01-20  |w 2019-11-20  |y BK  |k HIS